00661naa a2200217 a 450000100080000000500110000800800410001910000170006024501230007726000090020065300140020965300090022365300150023265300180024765300210026565300210028665300240030770000210033170000150035277300760036710760422011-04-29 2010 bl uuuu u00u1 u #d1 aSPILKI, F.R. aAntibody responses in mice after immunization with inactivated bovine respiratory syncytial virus different adjuvants. c2010 aAdjuvante aBRSV aCamundongo aModelo murino aSincicial bovino aVacina inativada aVirus respirat??rio1 aALMEIDA, R.S. de1 aARNS, C.W. tCi??ncia Rural, Santa Maria, RSgv. 40, n. 11, p. 2332-2337, nov. 2010.